000 00510nam a2200193 a 4500
001 000598749
003 AM-YeHGA
005 20250617161253.0
008 080911s1964 nyu 000 0 eng d
040 _aAM-YeHGA
041 0 _aeng
100 1 _aSouthern , Terry
_d1924-1995
245 1 0 _aCandy :
_bA novel /
_cby T. Southern, M. Hoffenberg.
260 _aNew York :
_bPutnam,
_c1964.
300 _a224 p. ;
_c21 cm.
650 1 4 _aAmerican fiction
700 1 _aHoffenberg , Mason
_4aut
090 _c471656
999 _c468417
_d468417